Ilustrovaný slovník imunologie a alergologie /

Other Authors: Ferenčík, Miroslav, 1932-2014
Language: Czech
Published: Praha : Galén, c2011
Edition: 2., přeprac. a dopl. vyd.
Subjects:
Physical Description: 364 s. : il. ; 24 cm
Book
Saved in:
LEADER 01834nam a2200505 a 4500
001 nkc20112225058
003 CZ PrNK
005 20120518115735.0
007 ta
008 111020s2011 xr a e e 000 0 cze
015 |a cnb002225058 
020 |a 978-80-7262-762-2  |q (váz.) 
035 |a (OCoLC)768557387 
040 |a ABA001  |b cze  |d BOA001 
041 1 |a cze  |h slo 
072 7 |a 616  |x Patologie. Klinická medicína  |2 Konspekt  |9 14 
080 |a 616-097-092.19+577.27  |2 MRF 
080 |a 616-02:616-092.19  |2 MRF 
080 |a 81'373.46  |2 MRF 
080 |a (038.072)  |2 MRF 
080 |a (038)81  |2 MRF 
245 0 0 |a Ilustrovaný slovník imunologie a alergologie /  |c Miroslav Ferenčík ... [et al.] 
250 |a 2., přeprac. a dopl. vyd. 
260 |a Praha :  |b Galén,  |c c2011 
300 |a 364 s. :  |b il. ;  |c 24 cm 
500 |a Přeloženo ze slovenštiny? 
504 |a Obsahuje bibliografie 
521 8 |a Určeno odborné veřejnosti 
650 0 7 |a imunologie  |7 ph121051  |2 czenas 
650 0 7 |a alergologie  |7 ph118342  |2 czenas 
650 0 7 |a oborová terminologie  |7 ph138998  |2 czenas 
650 0 9 |a immunology  |2 eczenas 
650 0 9 |a allergology  |2 eczenas 
650 0 9 |a terminology (professional)  |2 eczenas 
655 7 |a výkladové slovníky  |7 fd133855  |2 czenas 
655 7 |a terminologické slovníky  |7 fd202538  |2 czenas 
655 9 |a explanatory dictionaries  |2 eczenas 
655 9 |a terminological dictionaries  |2 eczenas 
700 1 |a Ferenčík, Miroslav,  |d 1932-2014  |7 mzk2004234211  |4 aut 
910 2 |a BOA001  |b 2-1272.799 
990 |a BK 
995 |a 01 
991 |b 201111  |c NOV  |j 616-09 FER  |e n 
996 6 |b 2610491582  |c 2-1272.799  |l MZK  |r Sklad / do 1 hodiny  |n 3  |p p.v.  |w 001209344  |u 000010  |a 1  |e BOA001  |j MZK50  |s P 
996 7 |b 2610510760  |c 2-1272.799  |l Vol.výběr  |r VV 1p  |n 19  |p kup  |h 616-09 FER  |w 001209344  |u 000020  |a 0  |e BOA001  |j MZK50  |s A